000 00653nam a2200205Ia 4500
003 GCL
008 140319s9999 xx 000 0 ara d
020 _a6889501977
040 _aGCL /
_cGCL
082 0 4 _a920.009281
_bن م
100 1 _aحسن حبشى
245 1 0 _aمعجم التراجم البيزنطية /
_cحسن حبشى
700 1 _aنيكول، دونالد
260 _aالقاهرة :
_bالهيئة المصرية العامة للكتاب ،
_c2003
300 _a285 ص ؛
_c24 سم
650 0 4 _aالروم - تاريخ
650 0 4 _aالحضارة البيزنطية
650 0 4 _aالروم - تراجم
942 _2ddc
_cBK
999 _c8714
_d8714